00952nam a2200217 a 450000100100000000500170001000800410002704000250006808200200009310000440011324501040015726000360026130000350029759000260033265000330035865000480039191000370043995201180047695201230059499900170071700003410920200930070801.0110923s2004 dr ad g 001 0 spa d aDO-SdBNPbspacBNPHU a787.8707bP433y1 aPerdomo Muñoz, Yoel de Jesús95954210aYo seré tu maestro :bmétodo para aprender a tocar guitarra /cYoel de Jesús Perdomo Muñoz. a[Santo Domingo :bs.n.],c2004. a67 p. :bil., diagr. ;c21 cm. aInventariado, 2018/LP 4aGuitarraxEnseñanza941526 4aGuitarraxMétodos autodidácticos959543 aValidado. Control de calidad EMS 0010718PDaPDbPDcHDd2011-09-23iLF1l0o787.8707 P433yp34109-10r2020-06-25w2020-06-25yLFPDZNo se presta 0010718PDaPDbPDcHDd2011-09-23iLF1l0o787.8707 P433yp34109-20r2020-06-25te.2w2020-06-25yLFPDZNo se presta c33600d33600